Leviticus in Mark: Jesus' attitude to the law
| Main Author: | |
|---|---|
| Contributors: | |
| Format: | Print Article |
| Language: | English |
| Check availability: | HBZ Gateway |
| Interlibrary Loan: | Interlibrary Loan for the Fachinformationsdienste (Specialized Information Services in Germany) |
| Published: |
1996
|
| In: |
Reading Leviticus
Year: 1996, Pages: 263-271 |
| Standardized Subjects / Keyword chains: | B
New Testament
/ Law (Theology)
|
| IxTheo Classification: | HB Old Testament HC New Testament |
| Further subjects: | B
Intertextuality
B Leviticus B Mark |
MARC
| LEADER | 00000naa a22000002c 4500 | ||
|---|---|---|---|
| 001 | 1588996972 | ||
| 003 | DE-627 | ||
| 005 | 20190311192121.0 | ||
| 007 | tu | ||
| 008 | 190311s1996 xx ||||| 00| ||eng c | ||
| 020 | |a 1850756287 | ||
| 035 | |a (DE-627)1588996972 | ||
| 035 | |a (DE-576)518996972 | ||
| 035 | |a (DE-599)BSZ518996972 | ||
| 040 | |a DE-627 |b ger |c DE-627 |e rakwb | ||
| 041 | |a eng | ||
| 084 | |a 1 |2 ssgn | ||
| 100 | 1 | |0 (DE-627)1233486292 |0 (DE-576)163486298 |4 aut |a Watson, Alan | |
| 109 | |a Watson, Alan |a Gallicchio, Nicholas F. | ||
| 245 | 1 | 0 | |a Leviticus in Mark: Jesus' attitude to the law |
| 264 | 1 | |c 1996 | |
| 336 | |a Text |b txt |2 rdacontent | ||
| 337 | |a ohne Hilfsmittel zu benutzen |b n |2 rdamedia | ||
| 338 | |a Band |b nc |2 rdacarrier | ||
| 630 | 0 | 7 | |0 (DE-588)4037658-8 |0 (DE-627)10623613X |0 (DE-576)209025816 |a Bibel |p Markusevangelium |2 gnd |
| 630 | 0 | 7 | |0 (DE-588)4074198-9 |0 (DE-627)10609047X |0 (DE-576)209192887 |a Bibel |p Levitikus |2 gnd |
| 650 | 0 | 7 | |0 (DE-588)4114051-5 |0 (DE-627)105825018 |0 (DE-576)20948151X |a Intertextualität |2 gnd |
| 652 | |a HB:HC | ||
| 689 | 0 | 0 | |d u |0 (DE-588)4041771-2 |0 (DE-627)106217658 |0 (DE-576)209046724 |a Bibel |2 gnd |p Neues Testament |
| 689 | 0 | 1 | |d s |0 (DE-588)4020662-2 |0 (DE-627)104106875 |0 (DE-576)208934359 |2 gnd |a Gesetz |g Theologie |
| 689 | 0 | |5 (DE-627) | |
| 700 | 1 | |0 (DE-588)119299763 |0 (DE-627)080106218 |0 (DE-576)162870930 |4 oth |a Sawyer, John F. A. |d 1935- | |
| 773 | 0 | 8 | |i In |t Reading Leviticus |d Sheffield : Sheffield Acad. Press, 1996 |g (1996), Seite 263-271 |h 290 S. |w (DE-627)273133136 |w (DE-576)055630081 |z 1850756287 |7 nnam |
| 773 | 1 | 8 | |g year:1996 |g pages:263-271 |
| 935 | |a BIIN | ||
| 951 | |a AR | ||
| BIB | |a 1 | ||
| BIR | |a 02000000_02999999,30000000_30999999 |b biblesearch | ||
| ELC | |b 1 | ||
| ITA | |a 1 |t 1 | ||
| LOK | |0 000 xxxxxcx a22 zn 4500 | ||
| LOK | |0 001 3058664087 | ||
| LOK | |0 003 DE-627 | ||
| LOK | |0 004 1588996972 | ||
| LOK | |0 005 20190311192121 | ||
| LOK | |0 008 190311||||||||||||||||ger||||||| | ||
| LOK | |0 035 |a (DE-Tue135-1)79137 | ||
| LOK | |0 040 |a DE-Tue135-1 |c DE-627 |d DE-Tue135-1 | ||
| LOK | |0 852 |a DE-Tue135-1 | ||
| LOK | |0 852 1 |c FTHAT035602/WNA |m p |9 00 | ||
| LOK | |0 852 2 |b A 17 |9 00 | ||
| LOK | |0 935 |a iSWA | ||
| LOK | |0 936ln |0 1442044136 |a HC | ||
| LOK | |0 936ln |0 1442044128 |a HB | ||
| LOK | |0 938 |k p | ||
| LOK | |0 939 |a 11-03-19 |b l12 | ||
| ORI | |a SA-MARC-ixtheoa001.raw | ||
| REF | |a Neutestamentliche Theologie | ||
| STA | 0 | 0 | |a Intertextuality |
| STB | 0 | 0 | |a Intertextualité |
| STC | 0 | 0 | |a Intertextualidad |
| STD | 0 | 0 | |a Intertestualità |
| STE | 0 | 0 | |a 互文性,文本互涉 |
| STF | 0 | 0 | |a 互文性,文本互涉 |
| STG | 0 | 0 | |a Intertextualidade |
| STH | 0 | 0 | |a Интертекст |
| STI | 0 | 0 | |a Διακειμενικότητα |
| SUB | |a BIB | ||
| SYD | 0 | 0 | |a Markusevangelium,Euangelion kata Markon,Mk,Marc,Mc,Das Evangelium nach Markus,Evangile selon Marc,Il Vangelo secondo Marco,Evangelium Secundum Marcum,Evangeli ya Marika,Aevangeli hi Marka,Svetoto evangelie ot Marka,Markusevangelium (Buch der Bibel),Evangelium nach Markus (Buch der Bibel),Evangile selon Marc (Buch der Bibel),Evangile de Marc (Buch der Bibel),Gospel of Mark (Buch der Bibel),Gospel according to Mark (Buch der Bibel),Vangelo secondo Marco (Buch der Bibel),Vangelo di Marco (Buch der Bibel),Marci Evangelium,Markus,Al-ḥawārīning inǧīlī ʿarab lisāninden qumuq lisānine terǧüme olundu,Marqus Al-Havarinin incili arab lisanýndan qumuq lisanýna tercüme olandý,Al-Havarinin incili arab lisanýndan qumuq lisanýna tercüme olandý,Marqus al-ḥawārīning inǧīlī ʿarab lisāninden qumuq lisānine terǧüme olundu , Levitikus,Mose,3.,Moses,3.,Mose,III.,Moses,III.,Leviticus,Lev,Lv,Le,Levitikus (Buch der Bibel),Leviticus (Buch der Bibel),Das dritte Buch Mose,Ṿa-yiḳra |
| SYG | 0 | 0 | |a Centenary translation of the New Testament,Bibel,Neues Testament,Septembertestament,Das Newe Testament Deutzsch,Bibel,Septembertestament,Bibel,Die Botschaft Gottes,Greek New Testament,Greek New Testament,The Greek New Testament,GNT,Neues Testament,Novum Testamentum,Testamentum novum,Nor Ktakaran,Novijat Zavet,Novyj Zapovit,Das Neue Testament,Le Nouveau Testament,Il Nouv Testamaint,The New Testament,Nuevo Testamento,Novʹy Zákon,Novi Javjet,Novo Testamento,Novyj Zavet,Nowy Testament,Nowý Zákon,U`j Szövetség,U`j Testamentom,Die Heilige Schrift des Neuen Testaments,Det Ny Testamente,Det Nya Testamentet,Il Nuovo Testamento,Ds Nöie Teschtamänt,Hab-berit ha-ḥadaša,Sifrê hab-berit ha-ḥadaša,Niev Testament,Novum Testamentum Graece,The Greek New Testament,Novum Testamentum Graece et Latine,E Kainē diathēkē,al- ʿAhd al-ǧadīd li rabbinā wa muḫalliṣinā Yasūʿa ăl-masīḥ,al- ʿAhd al-ǧadīd,S@nöie Teschdamänt,Se Wsi Testamenti,Tèstamènt nobo,Mkpaman Elat,Bible,N.T.,Uus Testament , Physikalisches Gesetz,Theologie,Gesetzliche Regelung,Gesetze |